| 000 | 00584nam a22002057a 4500 | ||
|---|---|---|---|
| 005 | 20211117093930.0 | ||
| 008 | 211117b ||||| |||| 00| 0 eng d | ||
| 040 | _cAL | ||
| 041 | _aeng | ||
| 082 |
_223 _a331 _bDAVE |
||
| 100 |
_aSarath Davala _910523 |
||
| 245 | _aEmployment and Unionisation in Indian Industry | ||
| 260 |
_aNew Delhi _bFriedrich Ebert Foundation _c1992 |
||
| 300 |
_aviii,232p. _bHB _c22x15 cm. |
||
| 650 |
_aLabor Economics _910524 |
||
| 650 |
_aLabor Suplly _910525 |
||
| 650 |
_aLabor Unions _910526 |
||
| 700 |
_aDAVALA (Sarath) _910527 |
||
| 942 |
_2ddc _cGF |
||
| 999 |
_c220638 _d220638 |
||